Petit Bac - Lettre G - Statistiques

Statistiques générales
  • Ce quiz a été pris 4 914 fois
  • Le résultat moyen est 9 sur 10
Statistiques - réponses
Catégories Réponses en G % Correct
Prénom Gabel / Gabriella / Gabrielle / Gabriela / Gael / Gaetane / Gala / Garance / Garnier / Gasper / Gaucelin / Gauvin / Genest / Gentiane / Geoffroy / Georgie / Georgia / Gerald / Gerardin / Germinal / Gertrude / Ghislain / Gilbert / Gilberto / Gilles / Gina / Gino / Giorgio / Gisele / Gladys / Goberto / Goldie / Gonthier / Gonzales / Goulhen / Gracieuse / Gratien / Gregoria / Grimaud / Grenola / Guenola / Guerin / Guihlem / Guillain / Guillemin / Gustave / Guy / Gwenaelle / Gwendoline / Gunter / Gabin / Gaelle / Gaetan / Galia / Garibaldi / Garry / Gaston / Gauderic / Gavin / Genevieve / Gentien / Georges / Georgina / Géraldine / Germain / Germont / Gervais / Giacomo / Gilberta / Gildas / Gillette / Ginette / Ginou / Girard / Gislain / Glenn / Godefroy / Goliath / Gontran / Gordon / Goulwen / Graham / Graziella / Gregory / Gringoire / Guenole / Guibert / Guilain / Guillaume / Guisele / Gustin / Guyllian / Gwenal / Gwenn / Gabriel / Gaby / Gaetan / Gail / Galien / Garlan / Gaspard / Gatienne / Gauthier / Gedeon / Gideon / Genna / Geoffrey / Georgette / Georgio / Gerard / Germaine / Geronimo / Gervaise / Gilbain / Gilberte / Gilhard / Gillian / Ginger / Giorgia / Girault / Giuseppe / Gloria / Godfrey / Gombault / Gonzague / Gottlieb / Grace / Grant / Gregoire / Gretel / Griselda / Guenolene / Guichard / Guilhem / Guillemette / Gulian / Gustine / Gwenael / Gwendal / Gwenole
100%
Pays Gabon / Gambie / Géorgie / Ghana / Gibraltar / Grèce / Grenade / Groenland / Guadeloupe / Guam / Guatemala / Guinée / Guinée Equatoriale / Guinée-Bissau / Guyane / Guyane française
98%
Animal Gavial / Gazelle / Geai / Gecko / Gélada / Genette / Gerbille / Gérénuk / Gibbon / Girafe / Glouton / Gnou / Goéland / Goliath / Gorfou / Gorille / Goujon / Goura de Victoria / Gourami géant / Grèbe / Grenouille / Grillon / Gris du Gabon / Grizzly / Guanaco / Guépard / Guêpe / Guêpier / Gypaète barbu
96%
Objet Gamelle / Gants / Girouette / Gode / Gomme / Gourde / Grenade / Grille / Grue / Guirlande / Guitare / Gobelet / Gilet / Guidon / Grattoir / Glace / Gargouille / Galet / Globe / Guillotine / gourdin / Gourmette / Gouttière / Grille pain / Grillage / Gaufrier / Godemichet / Grimoire / Gaine / Guéridon / Grelot / Goupille / Gondole / Gyrophare / Grappin / Grenouillère / Gazinière / Gong / Gadget / Gouache / Glaçon / Gyroscope / Gratte dos / Glaive / Gâchette / Genouillère / Glacière / Guêtre / GPS / Gel / Goulot / Godet / Guide / Grill / Gloss / gode ceinture / Globe terrestre / Garrot / Géode / Guêpière / Guenille / Gant de toilette / Goupillon / Griffe / Gousset / Guirlande / Garde robe / Générateur / Grigri / galette / Gilet jaune / garde boue / Goulotte / Galon / Godasse / Graine / Guimbarde / Gond / Gouge / Gélule / Gonfleur / Gemme / GSM / go pro / Girafe en plastique / Gousse / Géomètre / Gravure / Gouvernail / Gourde
95%
Fruit ou Légume Goyave / Grenade / Groseille / Groseille à maquereau / Gingembre / Graine d'aneth / Girolle / Grelos / Gundelia
88%
Marque Gilette / Gemey / Gervais / Gervita / Grany / Gifi / Galeries Lafayette / Gini / Gorenje / Groupama / Gan / Gaz de France / Grand mère / Gerblé / Gallia / Geox / Galbani / Galeries d'Anjou / Game boy / Game Cube / Game one / Gamestop / Garbit / Garmin / Garnier / GDF / Geant Casino / Geant Vert / Gemey Meybelline / Générale d'optique / Genius / Gerflor / Get27 / Giffgaff / Giga store / Gillette / Ginko / Giovanni Rana / Gironde / Gitem / Ginetta / Glenat / Glenfiddish / GMC / GMF / GNC / Google / Go Sport / Go Voyages / Grande Récré / Grand Frais / Grand Optical / Granola / Gran Turismo / Greyhound / Gulli / Gyma / Gumpert / Gigabyte / Guerlain / Gucci
86%
Partie du corps Glabelle / Gencive / Genou / Gland / Glotte / Gorge / Grand adducteur / Grand dentelé / Grand dorsal / Grand droit de l'abdomen / Grand fessier / Grand palmaire / Grand pectoral / Grand rond / Gros orteil
86%
Métier Gainier / Galeriste / Game designer / Game director / Gantier / Garagiste / Garçon de café / Garde du corps / Garde du littoral / Garde-champêtre / Garde-chasse / Garde-manger / Garde-moniteur / Garde-pêche / Gardien / Gardien d'immeuble / Gardien de la paix / Gemmologue / Gendarme / Gendarme adjoint / Géochimiste / Géographe / Géologue / Géomaticien / Graphiste / Gynécologue
85%
Vêtement Gaine / Gants / Genouillère / Grenouillère / Guenille / Guêpière / Guêtre / gabardine / gilet / godasse / guêtre / Gilet jaune / Gavroche / Gigoteuse / Grolles / Grole / godillot / gantelet / galurin / Galoche / Gibecière / guimpe / Gorgerin / Gantelets / Godillots / Gaston / Galette
79%
Sport Giraviation / Golf / Gouren / Grappling / Gymkhana / Gymnastique / Gymnastique artistique / Gymnastique rythmique
72%
Aucun quiz correspondant
Distribution des résultats
% des personnes avec chaque résultat
Percentile par nombre de réponses
Votre historique - résultats
Vous n’avez pas pris ce quiz